[Event "Leipzig VfB op 16th"]
[Site "Leipzig"]
[Date "2009.04.05"]
[Round "9"]
[White "Randt, Karl Heinz"]
[Black "Tomassetti, Giuseppe"]
[Result "0-1"]
[WhiteElo "2002"]
[BlackElo "1697"]
[PlyCount "76"]
[EventDate "2009.03.31"]
[EventType "swiss"]
[EventRounds "9"]
[EventCountry "GER"]
[SourceTitle "EXT 2010"]
[Source "ChessBase"]
[SourceDate "2010.11.25"]
[SourceVersion "1"]
[SourceVersionDate "2010.11.25"]
[SourceQuality "1"]

1. e4 d6 2. d4 Nf6 3. Nc3 g6 4. f4 Bg7 5. Nf3 c5 6. dxc5 Qa5 7. Bd2 Qxc5 8. Bb5+ Bd7 9. Qe2 0-0 10. 0-0-0 Bxb5 11. Qxb5 Qxb5 12. Nxb5 Na6 13. Rhe1 Ng4 14. Re2 Rfc8 15. h3 Nh6 16. g4 f6 17. e5 dxe5 18. fxe5 f5 19. Bxh6 Bxh6+ 20. g5 Bf8 21. Rd7 Nc5 22. Rd1 a6 23. Nc3 Rd8 24. Red2 Rxd2 25. Rxd2 Kf7 26. b4 Ne6 27. Rd7 Rb8 28. Nd5 h6 29. h4 hxg5 30. hxg5 Rd8 31. Rxd8 Nxd8 32. Kb2 e6 33. Nb6 Bxb4 34. Kb3 Bc5 35. Na8 b5 36. c4 Nc6 37. cxb5 axb5 38. a4 Na5+ 0-1

[Event "Leipzig VfB op 16th"]
[Site "Leipzig"]
[Date "2009.04.02"]
[Round "5"]
[White "Langer, Wolfgang2222"]
[Black "Tomassetti, Giuseppe"]
[Result "1/2-1/2"]
[WhiteElo "1958"]
[BlackElo "1697"]
[PlyCount "94"]
[EventDate "2009.03.31"]
[EventType "swiss"]
[EventRounds "9"]
[EventCountry "GER"]
[SourceTitle "EXT 2010"]
[Source "ChessBase"]
[SourceDate "2010.11.25"]
[SourceVersion "1"]
[SourceVersionDate "2010.11.25"]
[SourceQuality "1"]

1. d4 Nf6 2. c4 c5 3. d5 b5 4. cxb5 a6 5. b6 Qxb6 6. Nc3 g6 7. e4 d6 8. Nf3 Bg7 9. Be2 0-0 10. 0-0 Bg4 11. Nd2 Bxe2 12. Qxe2 Nbd7 13. Nc4 Qc7 14. Kh1 Rfb8 15. f4 Ne8 16. Rf3 Nb6 17. Ne3 Nd7 18. Rh3 Qa5 19. Nc4 Qc7 20. f5 Ne5 21. fxg6 fxg6 22. Nxe5 Bxe5 23. Qg4 Qc8 24. Qh4 Nf6 25. Bg5 Ra7 26. Bf4 Bxf4 27. Qxf4 Rxb2 28. Rf3 Qg4 29. Qxg4 Nxg4 30. Raf1 Ne5 31. Rf8+ Kg7 32. h3 Rc2 33. Nd1 Rxa2 34. Ne3 Ra4 35. Ng4 Nxg4 36. hxg4 Rxe4 37. g5 e5 38. Rd8 Rf4 39. Rb1 Rg4 40. Rxd6 Rxg5 41. Rc6 a5 42. d6 Kh6 43. Rc7 Ra8 44. Rbb7 Rh5+ 45. Kg1 e4 46. Rxh7+ Kg5 47. Rbe7 Kf6 1/2-1/2

[Event "Leipzig VfB op 14th"]
[Site "Leipzig"]
[Date "2007.03.25"]
[Round "9"]
[White "Tomassetti, Giuseppe"]
[Black "Wolter, Uwe"]
[Result "1/2-1/2"]
[WhiteElo "1750"]
[BlackElo "1361"]
[PlyCount "40"]
[EventDate "2007.03.20"]
[EventType "swiss"]
[EventRounds "9"]
[EventCountry "GER"]
[SourceTitle "EXT 2008"]
[Source "ChessBase"]
[SourceDate "2007.11.25"]
[SourceVersion "1"]
[SourceVersionDate "2007.11.25"]
[SourceQuality "1"]

1. e4 c6 2. d4 d5 3. Nc3 dxe4 4. Nxe4 Bf5 5. Ng3 Bg6 6. f4 e6 7. Nf3 Nd7 8. Bd3 Bxd3 9. Qxd3 Ngf6 10. 0-0 Be7 11. f5 exf5 12. Nxf5 0-0 13. Bg5 Re8 14. Ne5 Nxe5 15. dxe5 Qxd3 16. cxd3 Nd5 17. Nxe7+ Nxe7 18. Rf3 h6 19. Bh4 Ng6 20. Bg3 Nxe5 1/2-1/2

[Event "Leipzig VfB op 14th"]
[Site "Leipzig"]
[Date "2007.03.22"]
[Round "4"]
[White "Hoffmann, Jakob"]
[Black "Tomassetti, Giuseppe"]
[Result "0-1"]
[WhiteElo "1192"]
[BlackElo "1750"]
[PlyCount "64"]
[EventDate "2007.03.20"]
[EventType "swiss"]
[EventRounds "9"]
[EventCountry "GER"]
[SourceTitle "EXT 2008"]
[Source "ChessBase"]
[SourceDate "2007.11.25"]
[SourceVersion "1"]
[SourceVersionDate "2007.11.25"]
[SourceQuality "1"]

1. e4 d6 2. Nf3 Nc6 3. Bb5 Bd7 4. 0-0 e5 5. Re1 Be7 6. c3 a6 7. Ba4 Nf6 8. d4 0-0 9. Bg5 b5 10. Bc2 Bg4 11. h3 Bh5 12. Qd3 Ne8 13. Bxe7 Qxe7 14. d5 Nb8 15. Nbd2 Nd7 16. Nf1 Nef6 17. Ng3 Bg6 18. Nh4 Nc5 19. Ngf5 Qd7 20. Qf3 Qd8 21. Nxg6 fxg6 22. b4 Nfxe4 23. Bxe4 Nxe4 24. Rxe4 gxf5 25. Re2 Qf6 26. g4 Qg5 27. Re3 h5 28. Qg2 f4 29. Rd3 Rf6 30. Rc1 f3 31. Qf1 hxg4 32. Kh1 Rh6 0-1